000 00557nam a2200205 a 4500
005 20240803063817.0
008 160405s1999 mx r 000 0 spa d
020 _a8420790702
035 _aUPN01000209199
049 _aCG
050 4 _aPQ6672 I2.7
_bF8.3
100 1 _aVias Mahou, Berta,
_d1961-
_938725
245 1 0 _aFuera del alcance de los niños /
_cBerta Vias Mahou.
260 _aMadrid :
_bAnaya,
_c1999.
300 _a150 p.
440 0 _aEspacio abierto ;
_v72
650 4 _aNovela española
_910814
905 _aLibro
999 _c181300
_d181300